[Event "Politiken Cup 33rd"]
[Site "Helsingor"]
[Date "2011.08.06"]
[Round "9"]
[White "Bjorneboe, Kristian"]
[Black "Schmied, Andreas"]
[Result "1/2-1/2"]
[WhiteElo "1941"]
[BlackElo "2081"]
[PlyCount "47"]
[EventDate "2011.07.30"]
[EventType "swiss"]
[EventRounds "10"]
[EventCountry "DEN"]
[SourceTitle "CBM 143 Extra"]
[Source "ChessBase"]
[SourceDate "2011.08.29"]
[SourceVersion "1"]
[SourceVersionDate "2011.08.29"]
[SourceQuality "1"]

1. d4 Nf6 2. Nf3 g6 3. Nbd2 Bg7 4. e4 d5 5. e5 Ne4 6. Bb5+ c6 7. Ba4 0-0 8. 0-0 f6 9. c3 Nxd2 10. Bxd2 Bg4 11. exf6 Rxf6 12. h3 Bxf3 13. gxf3 Qd6 14. Bc2 Nd7 15. Bg5 Rf7 16. Bh4 e5 17. Bg3 Qf8 18. dxe5 Bxe5 19. Kg2 Qd6 20. c4 Raf8 21. cxd5 cxd5 22. Bb3 Nb6 23. Qe2 Bf4 24. Rad1 1/2-1/2

[Event "Politiken Cup 33rd"]
[Site "Helsingor"]
[Date "2011.07.31"]
[Round "3"]
[White "Schmied, Andreas"]
[Black "Astrom, Lars"]
[Result "1/2-1/2"]
[WhiteElo "2081"]
[BlackElo "1871"]
[PlyCount "92"]
[EventDate "2011.07.30"]
[EventType "swiss"]
[EventRounds "10"]
[EventCountry "DEN"]
[SourceTitle "CBM 143 Extra"]
[Source "ChessBase"]
[SourceDate "2011.08.29"]
[SourceVersion "1"]
[SourceVersionDate "2011.08.29"]
[SourceQuality "1"]

1. d4 d5 2. c4 c6 3. Nf3 Nf6 4. e3 Bf5 5. Nc3 e6 6. Nh4 Bg6 7. Be2 Nbd7 8. Bd2 Bd6 9. g3 dxc4 10. Nxg6 hxg6 11. Bxc4 0-0 12. 0-0 e5 13. dxe5 Nxe5 14. Be2 Qe7 15. Qc2 Rfe8 16. Ne4 Nf3+ 17. Bxf3 Nxe4 18. Bxe4 Qxe4 19. Qxe4 Rxe4 20. Bc3 Re7 21. Rfd1 Rd7 22. Rd3 Rad8 23. Rad1 Kf8 24. e4 Ke7 25. h4 f6 26. Kg2 Bc7 27. Bb4+ Bd6 28. Rxd6 Rxd6 29. Rxd6 Rxd6 30. Kf3 b6 31. Bxd6+ Kxd6 32. Ke3 Kc5 33. Kd3 a5 34. f4 b5 35. g4 Kd6 36. b3 g5 37. e5+ fxe5 38. fxg5 c5 39. h5 Ke6 40. Ke4 c4 41. bxc4 bxc4 42. h6 gxh6 43. gxh6 Kf6 44. g5+ Kg6 45. a4 Kh7 46. Ke3 Kg6 1/2-1/2